Statistics for JetPunk Interesting Facts Quiz #2

Click here to take the quiz!

General Stats

  • This quiz has been taken 7 times
  • The average score is 4 of 10

Answer Stats

Interesting FactAnswer% Correct
___ was rated the #1 guitarist of all time by Rolling Stone magazine.Jimi Hendrix
100%
Believe it or not, ___ is the U.S. state that is geographically closest to Africa.Maine
83%
A ___ is a light wind from the west.zephyr
67%
___ is the only U.S. state that produces coffee commercially.Hawaii
50%
The official name of ___ is Krung Thep Maha Nakhon.Bangkok
33%
The only U.S. presidents to run unopposed were George Washington and ___.James Monroe
33%
In Jewish mythology, Adam had a wife before Eve. Her name was ___.Lilith
33%
New Zealand was completely uninhabited by people until around ___ AD.1250
17%
U.S. politicians Bill Clinton and Mike Huckabee were both born in the small town of ___, Arkansas.Hope
17%
___ is a greenish-blue color worn by sporting teams from Eton College, a famous English boarding school.Eton Blue
0%

Score Distribution

Percentile by Number Answered

Percent of People with Each Score

Your Score History

You have not taken this quiz